• 首页
  • 本馆介绍
  • 公告通知
  • 最新文献
  • 馆藏检索
  • 电子资源
  • 读者导购
  • 参考咨询
  • 我的图书馆
  • 登录
  • 详细信息显示
  • 放入我的书架
  • 预约/预借图书
  • 作者相关作品
  • 分类相关作品
  • 丛书相关作品
  • 出版社相关作品

书目信息

  • 表格格式
  • 工作单格式
  • 卡片格式
题名:
能源工程管理
    
 
作者: 任有中 主编 ;田雨 , 洪积渝 编写
分册:  
出版信息: 北京   中国电力出版社  2007
页数: 256页
开本: 26cm
丛书名:
单 册:
中图分类: F407.206
科图分类:
主题词: 能源经济--经济管理--高等教育--教材 , 能源经济 , 经济管理
电子资源:
ISBN: 978-7-5083-5858-1
000 01038nam0 2200289 45
001 1354519921
005 20130510101328.93
010    @a978-7-5083-5858-1@dCNY27.00
100    @a20130108d2007 em y0chiy0110 ea
101 0  @achi
102    @aCN@b110000
105    @ay z 000yy
106    @ar
200 1  @a能源工程管理@ANeng Yuan Gong Cheng Guan Li@f任有中主编@FRen You Zhong Zhu Bian@g田雨,洪积渝编写
210    @a北京@c中国电力出版社@d2007
215    @a256页@d26cm
300    @a普通高等教育“十一五”国家级规划教材
330    @a本书内容包括:能源技术知识,一般工业企业管理知识,技术经济分析基础,工程项目经济效益的评价原则,固定资产的折旧及重置决策,工程项目不确定性分析及项目可行性分析。
606 0  @a能源经济@x经济管理@x高等教育@j教材
606 0  @a能源经济
606 0  @a经济管理
690    @aF407.206@v5
701  0 @a任有中@ARen You Zhong@4主编
702  0 @a田雨@ATian Yu@g(企业管理)@4编写
702  0 @a洪积渝@AHong Ji Yu@g(节能)@4编写
801    @aCN@bTANGWEI@c20130108
905    @b0830490-92@dF407.206@e209@f3
    
    能源工程管理/任有中主编/田雨,洪积渝编写.-北京:中国电力出版社,2007
    256页;26cm
    普通高等教育“十一五”国家级规划教材
    
    ISBN 978-7-5083-5858-1:CNY27.00
    本书内容包括:能源技术知识,一般工业企业管理知识,技术经济分析基础,工程项目经济效益的评价原则,固定资产的折旧及重置决策,工程项目不确定性分析及项目可行性分析。
●
相关链接 在E读中查询图书 在五车中查询图书 在当当中查询图书 在豆瓣中查询图书


正题名:能源工程管理     索取号:F407.206/209         预约/预借

序号 登录号 条形码 馆藏地/架位号 状态 备注
1 0830490   208304903   第一样本阅览室/ [索取号:F407.206/209] 在馆    
2 0830491   208304912   第一借阅区/ [索取号:F407.206/209] 在馆    
3 0830492   208304921   第一借阅区/ [索取号:F407.206/209] 在馆    
唐山师范学院图书馆 欢迎您!
大连网信软件有限公司© 版权所有